000 00802nam a2200265 a 4500
008
020 _a0073194867(pbk)
049 _aMAIN
090 _aBF713 VAN
100 _aVander Zanden,James W
245 1 0 _aHuman development/
_cJames W. Vandrer Zanden, Thomas L. Crandell, and Corinne Haines Crandell
250 _a8th.ed.
260 _aBoston:
_b McGraw Hill,
_c 2007
300 _axxii,676p. :
_b col.ill. ;24cm.
500 _aIncludes index
504 _aIncludes bibliographical references
650 1 _aDevelopmental Psychology
700 _aCrandell, Thomas L.
700 _aCrandell, Corinne Haines
907 _a.b10260432
_b12-03-09
_c23-02-09
003
005 20230123124926.0
040 _cNUST
942 _cBOOKS
_kBF713 VAN
999 _c132684
_d132684